00229nam a2200085Ia 450000100070000000500170000700800410002424500410006526000370010684363520250826173245.0250824s9999 xx 000 0 und d 0aBİLGE ÇOCUKcAHMET FARUK KILIÇ bDİYANET İŞLERİ YAYINLARI